Hospodárska tvorivosť 1

Salvato in:
Dettagli Bibliografici
Autore principale: Choluj, Vladimír
Ente Autore: Ekonomická univerzita v Bratislave. Národohospodárska fakulta
Natura: Libro
Lingua:slovacco
Pubblicazione: Bratislava Vydavateľstvo EKONÓM 2000
Soggetti:
Tags: Aggiungi Tag
Nessun Tag, puoi essere il primo ad aggiungerne!!

MARC

LEADER 00000nam a2200000 4500
001 c124025
005 20221123132857.9
020 |a 80-225-1361-X 
041 0 |a slo 
044 |a SK 
245 1 0 |a Hospodárska tvorivosť 1  |c Vladimír Choluj 
264 1 |a Bratislava  |b Vydavateľstvo EKONÓM  |c 2000 
300 |a 187 s. 
610 2 0 |a modelovanie 
610 2 0 |a modely ekonomicko-matematické 
610 2 0 |a modely matematicko-logické 
610 2 0 |a tvorivosť vedecká 
610 2 0 |a vzdelávanie 
610 2 0 |a práca tvorivá 
610 2 0 |a študenti 
610 2 0 |a štúdium inžinierske 
610 2 0 |a veda ekonomická 
610 2 0 |a ekonómia 
100 1 |a Choluj, Vladimír 
710 2 |a Ekonomická univerzita v Bratislave. Národohospodárska fakulta